000 00359nam a2200133Ia 4500
008 150201s2010 xx 000 0 und d
082 _a616.0757
_bP10B
100 _aBHARGAVA,SATISH K
245 _aPRINCIPLES & PRACTICE IN ULTRASONOGRAPHY
250 _a2ND
260 _bJAYPEE BROTHERS
_aDELHI
_c2010
650 _aRADIOLOGY & DIAGNOSIS
942 _2ddc
_cBK
_018
999 _c1052
_d1052